| 000 | 01203nam a2200229Ia 4500 | ||
|---|---|---|---|
| 001 | L330-23807 | ||
| 003 | IT-CnALBA | ||
| 008 | 170116s9999||||xx |||||||||||||| ||und|| | ||
| 040 |
_aIT-CnALBA _cIT-CnALBA |
||
| 041 | _aITALIANO | ||
| 100 | _aGIANNANTONI ALESSANDRO, SAC. | ||
| 245 | 0 | _aLIBRICINO PER GLI OPERAI. | |
| 250 | _a1a ed. | ||
| 260 |
_aMILANO _bBACCHINI BENEDETTO, CASA EDIT. _c1900 [1° Ed.:1900 - Ed.Ling.Originale: 1900] |
||
| 300 | _a126 p. | ||
| 500 | _aINFELICITÀ. FORMAZIONE RELIGIOSA. RELIGIONE E PATRIA. NECESSITÀ. OPERAIO E GIORNO FESTIVO. IL CRISTIANESIMO E L'OPERAIO. DIRITTO DI PROPRIETÀ. RESTAURAZIONE SOCIALE. CRISTIANESIMO RELIGIONE E PROGRESSO DELL'OPERAIO. DISUGUAGLIANZA. POVERTÀ. COMUNISMO. IMM | ||
| 501 | _aSocietà San Paolo EM - Piazza San Paolo, 14 - 12051 ALBA (CN) (non commercial uses only) ® Copyright 2017 | ||
| 520 | _aINFELICITÀ. FORMAZIONE RELIGIOSA. RELIGIONE E PATRIA. NECESSITÀ. OPERAIO E GIORNO FESTIVO. IL CRISTIANESIMO E L'OPERAIO. DIRITTO DI PROPRIETÀ. RESTAURAZIONE SOCIALE. CRISTIANESIMO RELIGIONE E PROGRESSO DELL'OPERAIO. DISUGUAGLIANZA. POVERTÀ. COMUNISMO. IMM | ||
| 650 | _aECONOMIA | ||
| 942 | _cBK | ||
| 957 | _71 | ||
| 999 |
_a28550 _bSI _g Copie: 1 _c282907 _d282907 |
||